| 000 | 00611nam a2200169 a 4500 | ||
|---|---|---|---|
| 001 | 000030256 | ||
| 005 | 20200930060156.0 | ||
| 008 | 110505s2010 dr c 000 0 spa d | ||
| 040 |
_aDO-SdBNP _bspa _cBNPHU |
||
| 082 |
_axxxx _bM533b |
||
| 110 | 1 |
_aRepública Dominicana. _bDespacho de la Primera Dama _91327 |
|
| 245 | 1 | 0 |
_aMemoria biblioteca infantil y juvenil República Dominicana : _b1er. Aniversario 2009-2010 / _cedición Rosa Arredondo. |
| 260 |
_aSanto Domingo : _bDespacho de la Primera Dama, _c[2010?]. |
||
| 300 |
_a95p. : _bretrs. ; _c27 cm. |
||
| 700 | 1 | 2 |
_aArredondo, Rosa, _eed. _956938 |
| 049 | _aBNPD | ||
| 999 |
_c29748 _d29748 |
||